Upkar guide to combined defence services examination : (Record no. 133393)

MARC details
000 -LEADER
fixed length control field 00731nam a22002417a 4500
005 - DATE AND TIME OF LATEST TRANSACTION
control field 20170124110208.0
010 ## - LIBRARY OF CONGRESS CONTROL NUMBER
LC control number A-750170
020 ## - INTERNATIONAL STANDARD BOOK NUMBER
Terms of availability 115.00
035 ## - SYSTEM CONTROL NUMBER
System control number A-750170
037 ## - SOURCE OF ACQUISITION
Source of stock number/acquisition Cen Lib/Ret
040 ## - CATALOGING SOURCE
Original cataloging agency DPL
Language of cataloging EN
082 ## - DEWEY DECIMAL CLASSIFICATION NUMBER
Classification number 000
Item number JAI
100 ## - MAIN ENTRY--PERSONAL NAME
Personal name Jain
9 (RLIN) 474
245 ## - TITLE STATEMENT
Title Upkar guide to combined defence services examination :
Statement of responsibility, etc by Jain [and] Kishore
Remainder of title objective type questions /
250 ## - EDITION STATEMENT
Edition statement rev. enl. ed
260 ## - PUBLICATION, DISTRIBUTION, ETC. (IMPRINT)
Place of publication, distribution, etc Agra
Name of publisher, distributor, etc Upkar Prakashan
Date of publication, distribution, etc 1996
270 ## - ADDRESS
City Agra
Postal code 282002
Address 2/11 a, Swadeshi Bima Nagar
300 ## - PHYSICAL DESCRIPTION
Extent various pagings :
Dimensions 25cm(Hb)
Other physical details ill.
650 ## - SUBJECT ADDED ENTRY--TOPICAL TERM
Topical term or geographic name as entry element General awareness
9 (RLIN) 22999
650 ## - SUBJECT ADDED ENTRY--TOPICAL TERM
Topical term or geographic name as entry element Current affairs
9 (RLIN) 37820
700 ## - ADDED ENTRY--PERSONAL NAME
Personal name Kishore
9 (RLIN) 37821
942 ## - ADDED ENTRY ELEMENTS (KOHA)
Source of classification or shelving scheme Dewey Decimal Classification
Koha item type English Books
Classification part 000
Call number suffix JAI
Holdings
Withdrawn status Lost status Damaged status Not for loan Home library Current library Date acquired Source of acquisition Cost, normal purchase price Total Checkouts Full call number Barcode Date last seen Copy number Cost, replacement price Price effective from Koha item type
        Central Library Central Library 25/07/2015 Cen Lib/Ret 115.00   000 JAI A-750170 25/07/2015 1 115.00 25/07/2015 English Books

© Delhi Public Library
Hit Counter
free hit counter